Szczegóły MARC21

Strategic intellectual capital management in multinational organizations : sustainability and successful implications /

005 -DATA I CZAS OSTATNIEJ MODYFIKACJI [,]
    • @
    • pole kontrolne
    • 20120827132934.0
020 -Międzynarod. znormalizowany nr książki - ISBN [ , ]
    • a
    • Numer ISBN
    • 9781605666792 Find
020 -Międzynarod. znormalizowany nr książki - ISBN [ , ]
    • a
    • Numer ISBN
    • 9781605666808 (ebook) Find
040 -Instytucja sporządzająca opis [ , ]
    • a
    • Instytucja, która sporządziła opis (NP)
    • SZCZ U/DL
    • c
    • Instytucja, która sporządziła rekord (NP)
    • SZCZ U/DL
    • d
    • Instytucja, która zmodyfikowała rekord (P)
    • SZCZ U/AP
041 -Język dokumentu [0, ]
    • a
    • Język tekstu (P)
    • angielski
044 -Kraj miejsca wydania [ , ]
    • a
    • Kraj miejsca wydania
    • USA
942 -Rodzaj dokumentu [ , ]
    • c
    • Rodzaj dokumentu
    • Książka
245 -Strefa tytułu i oznaczenia odpowiedzialności [0,0]
    • a
    • Tytuł
    • Strategic intellectual capital management in multinational organizations : Find
    • b
    • Ciąg dalszy tytułu (NP)
    • sustainability and successful implications / Find
    • c
    • Pozostałe elementy strefy tytułu i oznaczenia odpowiedzialności (NP)
    • Kevin J. O'Sullivan [ed.].
260 -Strefa adresu wydawniczego [ , ]
    • a
    • Miejsce wydania (P)
    • Hershey :
    • b
    • Nazwa wydawcy (P)
    • Business Science Reference,
    • c
    • Data wydania (P)
    • cop. 2010.
300 -Strefa opisu fizycznego [ , ]
    • a
    • Określenie formy książki i/lub objętość (NP)
    • XIX, 337 s. :
    • b
    • Oznaczenie ilustracji (NP)
    • il. ;
    • c
    • Format (NP)
    • 29 cm.
504 -Uwaga dot. bibliogr. załącznikowej [ , ]
    • a
    • Uwaga dot. bibliografii załącznikowej
    • Bibliogr. Ind.
080 -Uniwersalna Klasyfikacja Dziesiętna [ , ]
    • 2
    • Identyfikator wydania tablic
    • UDC-P058
    • 9
    • UKD
    • 2176
    • a
    • Symbol klasyfikacji
    • 005.336.4
    • b
    • Dopowiedzenie
    • Zarządzanie. Kapitał intelektualny. Know-how.
    • 4
    • UKD2
    • 7644
    • x
    • Poddział wspólny
    • =111
    • c
    • Dopowiedzenie poddz. wspólnego
    • =Język angielski.
    • 4
    • UKD2
    • 8124
    • x
    • Poddział wspólny
    • (082.1)
    • c
    • Dopowiedzenie poddz. wspólnego
    • (Zbiory prac różnych autorów. Księgi pamiątkowe).
080 -Uniwersalna Klasyfikacja Dziesiętna [ , ]
    • 2
    • Identyfikator wydania tablic
    • UDC-P058
    • 9
    • UKD
    • 2828
    • a
    • Symbol klasyfikacji
    • 316.7
    • b
    • Dopowiedzenie
    • Socjologia kultury. Kulturowy kontekst życia społecznego. Antropologia społeczna. Kultura różnych społeczeństw. Cywilizacja. Podkultury. Subkultury. Kultura masowa. Kultury różnych grup. Dynamika kultury. Akulturacja. Zmiana kulturowa. Rozprzestrzenianie się kultury. Sankcje społeczne. Uspołecznianie zachowań.
    • 4
    • UKD2
    • 7644
    • x
    • Poddział wspólny
    • =111
    • c
    • Dopowiedzenie poddz. wspólnego
    • =Język angielski.
    • 4
    • UKD2
    • 8124
    • x
    • Poddział wspólny
    • (082.1)
    • c
    • Dopowiedzenie poddz. wspólnego
    • (Zbiory prac różnych autorów. Księgi pamiątkowe).
980 -Symbol UKD [ , ]
    • a
    • UKD
    • 005.336.4:316.7](082.1)=111
700 -Hasło dodatkowe - nazwa osobowa [1, ]
    • 9
    • KHW
    • 45749
    • a
    • Nazwa osobowa (NP)
    • O'Sullivan, Kevin Find
    • d
    • Daty biograficzne (NP)
    • (1967- ).
    • e
    • Określenie rodzaju współpracy
    • Red.
920 -ISBN [ , ]
    • a
    • ISBN
    • 978-1-60566-679-2 (hbk) Find
920 -ISBN [ , ]
    • a
    • ISBN
    • 978-1-60566-680-8 (ebook) Find
Status udost. Numer inwentarzowy Sygnatura Lokalizacja Data inwentaryzacji
-2T.12069T.12069T2012-08-23